Introduction to topology. (Record no. 3001)
[ view plain ]
| 000 -LEADER | |
|---|---|
| fixed length control field | 00628nac a22002171u 4500 |
| 010 ## - | |
| -- | 63002175 |
| 082 00 - DEWEY DECIMAL CLASSIFICATION NUMBER | |
| Classification number | 513.83 |
| Item number | M3176 |
| 090 ## - LOCALLY ASSIGNED LC-TYPE CALL NUMBER (OCLC); LOCAL CALL NUMBER (OCLC) | |
| -- | 3001 |
| -- | 3001 |
| 100 ## - MAIN ENTRY--PERSONAL NAME | |
| Personal name | Mansfield, Maynard J. |
| 245 10 - TITLE STATEMENT | |
| Title | Introduction to topology. |
| 260 ## - | |
| -- | Dlhi., |
| -- | CBS, |
| -- | [1963] |
| 300 ## - PHYSICAL DESCRIPTION | |
| Extent | 116 p. |
| Dimensions | 24 cm. |
| 336 ## - CONTENT TYPE | |
| Source | rdacontent |
| Content type term | text |
| Content type code | txt |
| 337 ## - MEDIA TYPE | |
| Media type term | unmediated |
| Source | rdamedia |
| Media type code | n |
| 338 ## - CARRIER TYPE | |
| Carrier type term | volume |
| Carrier type code | nc |
| Source | rdacarrier |
| 440 #4 - | |
| -- | The University series in undergraduate mathematics |
| 500 ## - GENERAL NOTE | |
| General note | Donations. |
| 500 ## - GENERAL NOTE | |
| General note | Donations - Dr. Mostafa Gouda. |
| 650 #0 - SUBJECT ADDED ENTRY--TOPICAL TERM | |
| Topical term or geographic name as entry element | Topology. |
| 942 ## - ADDED ENTRY ELEMENTS (KOHA) | |
| Koha item type | Book - Borrowing |
| Call number prefix | 513.83M3176 |
| Classification part | RDA-MOD |
| Withdrawn status | Lost status | Damaged status | Not for loan | Home library | Current library | Shelving location | Date acquired | Source of acquisition | Total Checkouts | Total Renewals | Full call number | Barcode | Date last seen | Date checked out | Price effective from | Koha item type |
|---|---|---|---|---|---|---|---|---|---|---|---|---|---|---|---|---|
| Central Library | Central Library | First floor | 07/03/2014 | Purchase | 2 | 7 | 513.83 MAN | 000001077 | 15/07/2025 | 19/10/2019 | 14/03/2007 | Book - Borrowing |